000 00437nam a22001697a 4500
003 OSt
005 20250630211820.0
008 250630b |||||||| |||| 00| 0 eng d
040 _bDLC
_cDLC
050 _aGLR65
_bK528.G4 1965
110 _aGhana Law Report
245 _aThe Ghana Law Report 1965
260 _aAccra, Ghana ;
_bPresbyterian Press
_cc2015
300 _axxix, 773 pages
490 _3Ghana Law Report
942 _2lcc
_cBK
_n0
999 _c6799
_d6799